[Event "Wch Seniors 23rd 2013"]
[Site "Opatija"]
[Date "2013.11.22"]
[Round "10.23"]
[White "Furman, Boris"]
[Black "Turikov, Viktor"]
[Result "1/2-1/2"]
[WhiteElo "2194"]
[BlackElo "2256"]
[PlyCount "140"]
[EventDate "2013.11.12"]

1. d4 b6 2. c4 Bb7 3. Nc3 e6 4. Nf3 Bb4 5. Qc2 Nf6 6. Bg5 h6 7. Bh4 g5 8. Bg3
Ne4 9. e3 Bxc3+ 10. bxc3 d6 11. Bd3 Nf6 12. O-O Nbd7 13. Nd2 Qe7 14. f3 Rg8 15.
a4 a5 16. Rfb1 Nh5 17. Be4 Bxe4 18. Qxe4 d5 19. cxd5 Nxg3 20. hxg3 Nf6 21. Qd3
exd5 22. e4 Kf8 23. exd5 Nxd5 24. Re1 Qd6 25. Re5 Rd8 26. Qc4 Rg6 27. Qb3 Qc6
28. Nc4 Re6 29. Rae1 Rde8 30. Rxe6 Rxe6 31. Re5 Rxe5 32. Nxe5 Qe6 33. Qc2 Kg7
34. c4 Nb4 35. Qe4 Qe8 36. Qf5 Nc6 37. Ng4 Qe6 38. Qd3 Qg6 39. Qe3 Qe6 40. Qd3
Qd6 41. d5 Ne7 42. Qd4+ f6 43. f4 Nf5 44. Qd3 Qc5+ 45. Kh2 Nd6 46. Ne3 Qb4 47.
Qc2 Qe1 48. Nf5+ Nxf5 49. Qxf5 Qe8 50. Qc2 Qh5+ 51. Kg1 Qg4 52. Qe4 Qd7 53. Kh2
Kf8 54. Qg6 Qg7 55. Qf5 Qf7 56. Kg1 Ke7 57. Kf2 Kd6 58. Ke3 Kc5 59. Kd3 Kd6 60.
Kd4 Qe7 61. Qc8 Qd7 62. Qf8+ Qe7 63. Qxh6 c6 64. Qg6 cxd5 65. cxd5 Kc7 66. Qc2+
Kb8 67. Qc6 Qb4+ 68. Ke3 Qe1+ 69. Kf3 Qd1+ 70. Ke4 Qb1+ 1/2-1/2

[Event "Wch Seniors 23rd 2013"]
[Site "Opatija"]
[Date "2013.11.22"]
[Round "10.24"]
[White "Altshul, Raffael"]
[Black "Kierzek, Matthias"]
[Result "1/2-1/2"]
[WhiteElo "2150"]
[BlackElo "2250"]
[PlyCount "23"]
[EventDate "2013.11.12"]

1. c4 e6 2. d4 d5 3. Nf3 c5 4. cxd5 exd5 5. g3 Nc6 6. Bg2 Nf6 7. O-O Be7 8.
dxc5 Bxc5 9. Qc2 Be7 10. Rd1 O-O 11. Nc3 Be6 12. a3 1/2-1/2

[Event "Wch Seniors 23rd 2013"]
[Site "Opatija"]
[Date "2013.11.22"]
[Round "10.25"]
[White "Tsomaia, Sergo"]
[Black "Brinck-Claussen, Bjorn"]
[Result "1/2-1/2"]
[WhiteElo "1859"]
[BlackElo "2248"]
[PlyCount "150"]
[EventDate "2013.11.12"]

1. e4 e6 2. d3 d5 3. Nd2 Nf6 4. Ngf3 Be7 5. g3 O-O 6. Bg2 b5 7. O-O c5 8. Re1
Nc6 9. e5 Nd7 10. Nf1 a5 11. h4 a4 12. Bg5 b4 13. Bxe7 Qxe7 14. c4 bxc3 15.
bxc3 Nb6 16. Rb1 Qc7 17. N1h2 Ba6 18. Ng4 Nd7 19. d4 Rfc8 20. Qd2 Qd8 21. Bf1
Bxf1 22. Kxf1 Rab8 23. Ng5 h6 24. Nh3 Rxb1 25. Rxb1 Rb8 26. Rc1 a3 27. Rc2 Rb1+
28. Kg2 Na5 29. Ne3 Qb6 30. Ng1 Qb5 31. Nf3 Nc4 32. Qe2 Ndb6 33. dxc5 Qxc5 34.
Nxc4 Qxc4 35. Qxc4 Nxc4 36. Nd2 Nxd2 37. Rxd2 Rc1 38. Rd3 f6 39. exf6 gxf6 40.
c4 Rxc4 41. Rxa3 e5 42. Ra7 h5 43. a4 d4 44. a5 Rc3 45. a6 Ra3 46. f3 Ra2+ 47.
Kf1 Kf8 48. g4 d3 49. Rd7 Rxa6 50. Rxd3 Ra4 51. g5 Rxh4 52. gxf6 Kf7 53. Kg2
Rd4 54. Ra3 Rd6 55. Kg3 Rxf6 56. Ra7+ Ke6 57. Rh7 Rf5 58. Rh6+ Kd5 59. Ra6 h4+
60. Kxh4 Rxf3 61. Kg4 Rd3 62. Ra8 Ke4 63. Re8 Rd5 64. Kg3 Ke3 65. Kg2 e4 66.
Kf1 Rf5+ 67. Ke1 Ra5 68. Kf1 Ra1+ 69. Kg2 Kd3 70. Kf2 Ra2+ 71. Ke1 Ke3 72. Kf1
Ra4 73. Re7 Ra1+ 74. Kg2 Kd3 75. Kf2 Ra2+ 1/2-1/2

[Event "Wch Seniors 23rd 2013"]
[Site "Opatija"]
[Date "2013.11.22"]
[Round "10.27"]
[White "Lederman, Leon"]
[Black "Jackson, Oliver A"]
[Result "1-0"]
[WhiteElo "2245"]
[BlackElo "2154"]
[PlyCount "83"]
[EventDate "2013.11.12"]

1. e4 c5 2. Nf3 e6 3. d4 cxd4 4. Nxd4 a6 5. Bd3 Nf6 6. O-O Qc7 7. Qe2 d6 8. c4
Nbd7 9. Nc3 Be7 10. f4 b6 11. Bd2 Bb7 12. Rac1 O-O 13. f5 e5 14. Nd5 Qd8 15.
Nc2 Nc5 16. b4 Nxd3 17. Qxd3 b5 18. Nce3 bxc4 19. Rxc4 Bxd5 20. Nxd5 Nxd5 21.
Qxd5 Qb6+ 22. Kh1 Rac8 23. a4 Rxc4 24. Qxc4 Rb8 25. g3 Qb7 26. Rc1 h6 27. Qc6
Bg5 28. Qxb7 Rxb7 29. Rc8+ Kh7 30. Be1 g6 31. fxg6+ Kxg6 32. Rc6 Be7 33. Rxa6
Rc7 34. Kg2 Rc1 35. Bf2 Rc4 36. b5 Rxe4 37. b6 Rb4 38. a5 Kf5 39. Ra7 Ke6 40.
Rxe7+ Kxe7 41. a6 Kd7 42. a7 1-0

[Event "Wch Seniors 23rd 2013"]
[Site "Opatija"]
[Date "2013.11.22"]
[Round "10.28"]
[White "Lind, Jan-Olof"]
[Black "Toefferl, Heimo"]
[Result "1-0"]
[WhiteElo "2238"]
[BlackElo "2089"]
[PlyCount "75"]
[EventDate "2013.11.12"]

1. e4 e6 2. Nf3 d5 3. Nc3 Nf6 4. e5 Nfd7 5. d4 c5 6. dxc5 Bxc5 7. Bd3 Nc6 8.
Bf4 a6 9. a3 h6 10. h4 b5 11. h5 Bb7 12. Rh3 Qb6 13. Qe2 O-O-O 14. Rg3 Rdg8 15.
Kf1 Nf8 16. b4 Bd4 17. Qd2 g5 18. hxg6 Nxg6 19. Bxg6 Rxg6 20. Rd1 Bxc3 21. Qxc3
Kb8 22. Rxd5 Rxg3 23. Bxg3 Ne7 24. Rd7 Rc8 25. Qd2 Nf5 26. Rxf7 Qc6 27. Ne1 Rg8
28. Qd7 Qe4 29. Qc7+ Ka8 30. Rd7 Nd4 31. Rd8+ Rxd8 32. Qxd8+ Ka7 33. f3 Qe2+
34. Kg1 Bd5 35. Qd7+ Ka8 36. Qc8+ Ka7 37. Bf2 Qxe5 38. Qc5+ 1-0

[Event "Wch Seniors 23rd 2013"]
[Site "Opatija"]
[Date "2013.11.22"]
[Round "10.29"]
[White "Gergel, Vladimir P"]
[Black "Taksrud, Vidar"]
[Result "1/2-1/2"]
[WhiteElo "2237"]
[BlackElo "2063"]
[PlyCount "120"]
[EventDate "2013.11.12"]

1. e4 c5 2. Nf3 Nc6 3. d4 cxd4 4. Nxd4 g6 5. Nc3 Bg7 6. Be3 Nf6 7. Be2 O-O 8.
Qd2 d5 9. exd5 Nxd5 10. Nxd5 Nxd4 11. Bc4 Nf5 12. O-O-O Be6 13. Bb3 Bxd5 14.
Qxd5 Nxe3 15. Qxd8 Rfxd8 16. fxe3 e6 17. c3 Bh6 18. Rhe1 Kf8 19. Rd4 Rxd4 20.
cxd4 Ke7 21. Kc2 Rc8+ 22. Kd3 f5 23. g3 b5 24. a3 Kd6 25. e4 f4 26. e5+ Ke7 27.
Ke4 Rf8 28. Re2 g5 29. g4 f3 30. Rf2 Rf4+ 31. Kd3 Rxg4 32. Rxf3 Bg7 33. Rg3 Rh4
34. h3 h5 35. Bd1 Bh6 36. b4 g4 37. hxg4 hxg4 38. Bxg4 Bc1 39. Ke4 Bxa3 40.
Rxa3 Rxg4+ 41. Kf3 Rxd4 42. Rxa7+ Ke8 43. Rb7 Rxb4 44. Ke3 Rb1 45. Kd4 Rd1+ 46.
Kc5 Rd5+ 47. Kc6 Rxe5 48. Kd6 Re1 49. Rxb5 Kf7 50. Rb2 Kf6 51. Rf2+ Kg5 52. Rf8
e5 53. Kd5 Re3 54. Ke6 Kg4 55. Kd5 e4 56. Kd4 Re1 57. Rf7 Kg3 58. Rf8 Re2 59.
Rf7 Kg2 60. Rf8 Re1 1/2-1/2

[Event "Wch Seniors 23rd 2013"]
[Site "Opatija"]
[Date "2013.11.22"]
[Round "10.31"]
[White "Sasu-Ducsoara, Adrian-Florian"]
[Black "Barle, Janez"]
[Result "1-0"]
[WhiteElo "2176"]
[BlackElo "2356"]
[PlyCount "111"]
[EventDate "2013.11.12"]

1. e4 c5 2. Nf3 Nc6 3. d4 cxd4 4. Nxd4 g6 5. c4 Bg7 6. Be3 Nh6 7. Nc3 O-O 8.
Be2 f5 9. O-O f4 10. Nxc6 bxc6 11. Bd4 d6 12. Bxg7 Kxg7 13. Qd4+ e5 14. Qd2 Nf7
15. c5 dxc5 16. Qxd8 Rxd8 17. Na4 Rd2 18. Rfe1 Ng5 19. f3 Ne6 20. Rad1 Rd4 21.
b3 Bd7 22. Rc1 Rd2 23. Nxc5 Nd4 24. Bc4 Be8 25. a4 a5 26. Red1 Rxd1+ 27. Rxd1
Bf7 28. Bxf7 Kxf7 29. Kf2 g5 30. Rc1 Ke7 31. Rc3 Rb8 32. Ke1 h5 33. h3 Kd6 34.
Kf2 Rb6 35. Kf1 Rb8 36. Kf2 Ra8 37. Nb7+ Kc7 38. Nc5 Rg8 39. Nd3 Kd6 40. Nc5
Rg7 41. Kf1 Rf7 42. Kf2 Rh7 43. Nd3 g4 44. hxg4 hxg4 45. fxg4 f3 46. gxf3 Rh2+
47. Kf1 Nxf3 48. Nf2 Ng5 49. Kg1 Rh8 50. Kg2 Rf8 51. Rc4 Rb8 52. Rc3 Rb4 53.
Rg3 Nxe4 54. Nxe4+ Rxe4 55. g5 Re1 56. g6 1-0

[Event "Wch Seniors 23rd 2013"]
[Site "Opatija"]
[Date "2013.11.22"]
[Round "10.33"]
[White "Herbrechtsmeier, Christof"]
[Black "Norman, Kenneth I"]
[Result "1/2-1/2"]
[WhiteElo "2302"]
[BlackElo "2173"]
[PlyCount "59"]
[EventDate "2013.11.12"]

1. e4 e5 2. Nf3 Nc6 3. Bb5 a6 4. Ba4 Nf6 5. O-O b5 6. Bb3 Be7 7. Re1 d6 8. c3
O-O 9. d4 Bg4 10. d5 Na5 11. Bc2 c6 12. h3 Bc8 13. b4 Nc4 14. dxc6 Qc7 15. Nbd2
Nb6 16. a4 Qxc6 17. a5 Nbd7 18. Ra3 Bb7 19. c4 bxc4 20. Rc3 d5 21. exd5 Qxd5
22. Rxc4 Rac8 23. Bb3 Rxc4 24. Bxc4 Qd6 25. b5 axb5 26. Bxb5 e4 27. Nh2 Ne5 28.
a6 Bxa6 29. Bxa6 Qxa6 30. Nxe4 1/2-1/2

[Event "Wch Seniors 23rd 2013"]
[Site "Opatija"]
[Date "2013.11.22"]
[Round "10.34"]
[White "Vikulov, Alexander"]
[Black "Weisenburger, Horst"]
[Result "1-0"]
[WhiteElo "2290"]
[BlackElo "2141"]
[PlyCount "116"]
[EventDate "2013.11.12"]

1. d4 f5 2. g3 g6 3. Bg2 Bg7 4. c4 Nf6 5. Nh3 Nc6 6. Nc3 e5 7. Bxc6 exd4 8.
Qxd4 bxc6 9. Qe3+ Qe7 10. Rb1 Qxe3 11. Bxe3 Ng4 12. Bd2 O-O 13. f3 Ne5 14. b3
Re8 15. Kf2 d6 16. Rbc1 a5 17. Rhd1 h6 18. Nf4 Kf7 19. Be3 g5 20. Ng2 Ng6 21.
Bd4 Bf8 22. Na4 f4 23. Bb2 Bh3 24. Ne1 Re6 25. Rd2 Rae8 26. Nc3 d5 27. Na4 Bd6
28. Nc2 h5 29. cxd5 cxd5 30. Nd4 fxg3+ 31. hxg3 h4 32. gxh4 Bf4 33. Nxe6 Rxe6
34. Rxd5 gxh4 35. e4 Bxc1 36. Bxc1 Ne5 37. Bf4 Nc6 38. Bxc7 Rg6 39. Rh5 Rg2+
40. Ke3 Rxa2 41. Rh7+ Kg6 42. Rxh4 Be6 43. Nc5 Bxb3 44. Rg4+ Kf7 45. Nxb3 Ra3
46. e5 Rxb3+ 47. Ke4 Rb4+ 48. Kd5 Ne7+ 49. Kd6 Rxg4 50. e6+ Ke8 51. fxg4 a4 52.
Ba5 Ng6 53. Bb4 Kf8 54. Kd5+ Kg7 55. Bc3+ Kh6 56. Bf6 Nf4+ 57. Ke5 Nxe6 58.
Kxe6 a3 1-0

[Event "Wch Seniors 23rd 2013"]
[Site "Opatija"]
[Date "2013.11.22"]
[Round "10.35"]
[White "Frick, Christoph"]
[Black "Falk, Thomas"]
[Result "1-0"]
[WhiteElo "2254"]
[BlackElo "2131"]
[PlyCount "79"]
[EventDate "2013.11.12"]

1. e4 e5 2. Nf3 Nc6 3. Nc3 Nf6 4. g3 Be7 5. Bg2 O-O 6. O-O d6 7. d3 h6 8. h3
Be6 9. d4 exd4 10. Nxd4 Nxd4 11. Qxd4 Qd7 12. g4 c6 13. Be3 Rfd8 14. Rad1 Qe8
15. Bf4 Qf8 16. e5 Ne8 17. Qe3 Nc7 18. exd6 Bxd6 19. Bxd6 Rxd6 20. a3 f5 21.
Rxd6 Qxd6 22. Rd1 Qf8 23. Qe5 Qf7 24. Rd4 Re8 25. Qd6 fxg4 26. hxg4 Rf8 27. Qg3
a5 28. Ne2 Bd5 29. Rf4 Qe7 30. Nd4 Bxg2 31. Kxg2 Nd5 32. Rxf8+ Kxf8 33. Qf3+
Kg8 34. Qf5 Nf6 35. f3 Nd5 36. Qc8+ Kh7 37. c3 Ne3+ 38. Kf2 c5 39. Ne6 Nc4 40.
Nf8+ 1-0

[Event "Wch Seniors 23rd 2013"]
[Site "Opatija"]
[Date "2013.11.22"]
[Round "10.36"]
[White "Kostanjsek, Zorko"]
[Black "Giulian, Philip M"]
[Result "1/2-1/2"]
[WhiteElo "2177"]
[BlackElo "2244"]
[PlyCount "27"]
[EventDate "2013.11.12"]

1. d3 d5 2. c3 Nf6 3. Bg5 e6 4. Nf3 Be7 5. e3 c5 6. Nbd2 O-O 7. d4 b6 8. Ne5
Bb7 9. Bd3 Ne4 10. Bxe7 Qxe7 11. Qc2 f5 12. O-O Nxd2 13. Qxd2 Nd7 14. Nxd7
1/2-1/2

[Event "Wch Seniors 23rd 2013"]
[Site "Opatija"]
[Date "2013.11.22"]
[Round "10.37"]
[White "Harestad, Thor Geir"]
[Black "Serra Olives, Tomas"]
[Result "0-1"]
[WhiteElo "2238"]
[BlackElo "2169"]
[PlyCount "120"]
[EventDate "2013.11.12"]

1. d4 Nf6 2. c4 e6 3. Nc3 Bb4 4. Bg5 c5 5. d5 d6 6. e3 h6 7. Bh4 O-O 8. Nf3
Bxc3+ 9. bxc3 e5 10. Nd2 Nbd7 11. f3 Qa5 12. Qc2 b5 13. e4 a6 14. Bd3 b4 15.
O-O Qc7 16. a3 bxa3 17. Rxa3 Nh5 18. Rb1 Nf4 19. Nf1 Re8 20. Ne3 Nf8 21. Bf1
N8g6 22. Be1 Ne7 23. h4 Rf8 24. g3 Nh5 25. g4 Nf4 26. Qb2 h5 27. Bg3 g6 28. Qb6
Qd7 29. Ra2 Kg7 30. Rh2 Rg8 31. Kh1 Kh7 32. g5 Rf8 33. Bxf4 exf4 34. Bh3 Qe8
35. Ng2 Bxh3 36. Rxh3 Nc8 37. Qb2 a5 38. Nxf4 a4 39. Ra1 Qd8 40. Rh2 Qa5 41.
Rc2 Nb6 42. Qb5 a3 43. Qb3 Qa6 44. Re2 Nxc4 45. Qd1 Nb2 46. Qc2 Qc4 47. Kg2
Rfb8 48. Kg3 Rb3 49. Re3 Na4 50. e5 dxe5 51. Rxe5 Qxc3 52. Qxc3 Nxc3 53. d6 Rd8
54. Re7 Kg8 55. d7 Kf8 56. Rae1 Rbb8 57. Nxg6+ fxg6 58. Rh7 Nd5 59. f4 a2 60.
f5 gxf5 0-1

[Event "Wch Seniors 23rd 2013"]
[Site "Opatija"]
[Date "2013.11.22"]
[Round "10.38"]
[White "Hohler, Peter"]
[Black "Moen, Ole Christian"]
[Result "1-0"]
[WhiteElo "2171"]
[BlackElo "2232"]
[PlyCount "115"]
[EventDate "2013.11.12"]

1. Nf3 Nf6 2. g3 g6 3. b3 Bg7 4. Bb2 O-O 5. Bg2 c5 6. c4 Nc6 7. O-O d6 8. d4
Ne4 9. Nbd2 Bf5 10. e3 Qd7 11. Nxe4 Bxe4 12. Ne1 d5 13. f3 cxd4 14. fxe4 dxe4
15. Bxe4 Qe6 16. Bxc6 Qxe3+ 17. Rf2 bxc6 18. Nc2 Qg5 19. Bxd4 Rad8 20. Rd2 Bh6
21. Rd3 Qf5 22. Qf3 c5 23. Qxf5 gxf5 24. Rad1 cxd4 25. Nxd4 e6 26. Nxf5 Bg5 27.
Rxd8 Bxd8 28. Nd6 Bb6+ 29. Kf1 f5 30. b4 f4 31. c5 Bc7 32. Ke2 fxg3 33. hxg3
Rb8 34. Rd4 a6 35. Re4 Bxd6 36. cxd6 Kf7 37. Rh4 Kg6 38. Ke3 Rb7 39. Rc4 Kf6
40. a3 Rg7 41. Kf3 h5 42. Rd4 Rd7 43. Ke4 Kf7 44. Ke5 Ke8 45. Kxe6 Rg7 46. Rf4
Rg8 47. Rf6 Kd8 48. Rh6 Re8+ 49. Kd5 Re3 50. a4 Rxg3 51. Rxh5 Rg4 52. Kc5 a5
53. bxa5 Rxa4 54. Kc6 Rc4+ 55. Rc5 Rd4 56. a6 Ra4 57. Kb6 Kd7 58. a7 1-0

[Event "Wch Seniors 23rd 2013"]
[Site "Opatija"]
[Date "2013.11.22"]
[Round "10.39"]
[White "Balmazi, Leon"]
[Black "Hammar, Bengt"]
[Result "1/2-1/2"]
[WhiteElo "2159"]
[BlackElo "2231"]
[PlyCount "31"]
[EventDate "2013.11.12"]

1. d4 Nf6 2. Nf3 g6 3. Bf4 Bg7 4. e3 c5 5. Be2 b6 6. c4 cxd4 7. Nxd4 Bb7 8. Nc3
d6 9. Bg5 Nbd7 10. Rc1 Rc8 11. b3 Rc5 12. Bh4 Qa8 13. Bf3 O-O 14. O-O Re8 15.
Bxb7 Qxb7 16. Qf3 1/2-1/2

[Event "Wch Seniors 23rd 2013"]
[Site "Opatija"]
[Date "2013.11.22"]
[Round "10.40"]
[White "Fucak, Emilijo"]
[Black "Kiselev, Alexander"]
[Result "1/2-1/2"]
[WhiteElo "2223"]
[BlackElo "2113"]
[PlyCount "43"]
[EventDate "2013.11.12"]

1. c4 Nf6 2. g3 c5 3. Bg2 Nc6 4. Nf3 g6 5. O-O Bg7 6. Nc3 O-O 7. a3 d5 8. cxd5
Nxd5 9. Nxd5 Qxd5 10. d3 Qd7 11. Rb1 b6 12. b4 cxb4 13. axb4 Bb7 14. Qa4 Rfd8
15. b5 Nd4 16. Nxd4 Bxg2 17. Kxg2 Bxd4 18. Rb4 Bc3 19. Rb3 Bd4 20. Rb4 Bc3 21.
Rb3 Bd4 22. Rb4 1/2-1/2

[Event "Wch Seniors 23rd 2013"]
[Site "Opatija"]
[Date "2013.11.22"]
[Round "10.41"]
[White "Malmdin, Nils-Ake"]
[Black "Christiansen, Arne"]
[Result "1-0"]
[WhiteElo "2191"]
[BlackElo "2117"]
[PlyCount "35"]
[EventDate "2013.11.12"]

1. e4 e5 2. Nf3 Nc6 3. Bb5 a6 4. Ba4 Nf6 5. d4 exd4 6. O-O Be7 7. e5 Ne4 8.
Nxd4 Nxd4 9. Qxd4 Nc5 10. Nc3 Nxa4 11. Qxa4 O-O 12. Bf4 d5 13. exd6 Bxd6 14.
Rad1 Bd7 15. Qd4 Bxf4 16. Qxf4 c6 17. Rd3 Re8 18. Qd2 1-0

[Event "Wch Seniors 23rd 2013"]
[Site "Opatija"]
[Date "2013.11.22"]
[Round "10.42"]
[White "Vogel, Jaap"]
[Black "Chirinos, Cleren"]
[Result "1/2-1/2"]
[WhiteElo "2191"]
[BlackElo "2059"]
[PlyCount "56"]
[EventDate "2013.11.12"]

1. d4 Nf6 2. Nf3 e6 3. g3 c5 4. Bg2 d5 5. c4 cxd4 6. Nxd4 e5 7. Nb3 d4 8. O-O
Nc6 9. e3 Bg4 10. f3 Be6 11. exd4 Nxd4 12. Nxd4 Qxd4+ 13. Qxd4 exd4 14. b3
O-O-O 15. Rd1 Nd7 16. Ba3 Nc5 17. Nd2 b6 18. f4 Bf5 19. Nf3 Ne6 20. Bxf8 Rhxf8
21. Nh4 Bc2 22. Rd2 d3 23. Bh3 Kd7 24. Bxe6+ Kxe6 25. Nf3 Kd6 26. Ne1 Kc5 27.
Nxc2 dxc2 28. Rxc2 Rfe8 1/2-1/2

[Event "Wch Seniors 23rd 2013"]
[Site "Opatija"]
[Date "2013.11.22"]
[Round "10.44"]
[White "Carlsten, Peter"]
[Black "Gundersen, Helge"]
[Result "1/2-1/2"]
[WhiteElo "1997"]
[BlackElo "2183"]
[PlyCount "30"]
[EventDate "2013.11.12"]

1. e4 e6 2. d4 d5 3. Nc3 dxe4 4. Nxe4 Qd5 5. Qd3 Nf6 6. Nxf6+ gxf6 7. Qb5+ Qxb5
8. Bxb5+ Bd7 9. Bxd7+ Nxd7 10. Be3 Nb6 11. Nf3 O-O-O 12. O-O Rg8 13. Rfd1 Bd6
14. b3 Nd5 15. c4 Nxe3 1/2-1/2

[Event "Wch Seniors 23rd 2013"]
[Site "Opatija"]
[Date "2013.11.22"]
[Round "10.45"]
[White "Kolbak, Jens"]
[Black "Meizlin, Yaacov"]
[Result "1-0"]
[WhiteElo "2271"]
[BlackElo "2102"]
[PlyCount "151"]
[EventDate "2013.11.12"]

1. d4 d5 2. Nf3 Nf6 3. c4 e6 4. e3 Be7 5. Nc3 O-O 6. Bd3 a6 7. b3 Nbd7 8. cxd5
exd5 9. O-O Re8 10. Bb2 Nf8 11. Qc2 Bd6 12. Ne2 Bd7 13. a4 Ne4 14. Ng3 Nxg3 15.
hxg3 Ng6 16. Ba3 Qe7 17. Bxd6 Qxd6 18. Rfc1 c6 19. b4 Reb8 20. Rab1 b5 21. a5
Be8 22. Bf5 Ra7 23. Rb3 f6 24. Ne1 Nf8 25. Nd3 g6 26. Bg4 Ne6 27. Bxe6+ Qxe6
28. Nc5 Qd6 29. Rc3 Rba8 30. Qb3 Re7 31. Rd1 Kg7 32. Qb1 Bf7 33. Qc2 Be8 34.
Qe2 Raa7 35. Qf3 Rf7 36. Rdc1 Ra8 37. Qf4 Qxf4 38. gxf4 Re7 39. f3 Bf7 40. Kf2
h6 41. g4 Rc7 42. f5 g5 43. Re1 Re7 44. Rc2 Raa7 45. Rh1 Re8 46. Re2 Raa8 47.
Ree1 Re7 48. Rh2 Ree8 49. Kg3 Ra7 50. Rhe2 Raa8 51. Kf2 Ra7 52. Rd2 Rh8 53. Rh1
Re8 54. e4 Raa8 55. Re1 h5 56. gxh5 dxe4 57. fxe4 Rh8 58. Rh1 Kh6 59. Kg3 Rhe8
60. Re1 Ra7 61. e5 Bd5 62. e6 g4 63. Ne4 Rf8 64. Kf4 Rg7 65. Rg2 Rfg8 66. Rg3
Bxe4 67. Rxe4 Rg5 68. e7 Re8 69. Rxg4 Kxh5 70. Rxg5+ fxg5+ 71. Kg3 g4 72. Kf4
g3 73. Kxg3 Kg5 74. Re5 Kf6 75. Kf4 Kf7 76. Re6 1-0

[Event "Wch Seniors 23rd 2013"]
[Site "Opatija"]
[Date "2013.11.22"]
[Round "10.46"]
[White "Gruzmann, Boris"]
[Black "Gamboa, Anibal"]
[Result "1/2-1/2"]
[WhiteElo "2249"]
[BlackElo "2096"]
[PlyCount "116"]
[EventDate "2013.11.12"]

1. e4 Nf6 2. e5 Nd5 3. d4 d6 4. c4 Nb6 5. exd6 exd6 6. h3 g6 7. Nf3 Bg7 8. Bg5
f6 9. Be3 Nc6 10. Be2 O-O 11. O-O Bf5 12. Nc3 d5 13. cxd5 Ne7 14. Rc1 Nexd5 15.
Nxd5 Nxd5 16. Qb3 Rb8 17. Bc4 Be6 18. a4 c6 19. Qa3 Qd7 20. Bd2 Rfe8 21. b4 Bf8
22. a5 Bd6 23. Ne1 Qe7 24. Nd3 Rbd8 25. Rfe1 Qd7 26. Nc5 Bxc5 27. dxc5 Nc7 28.
Bxe6+ Rxe6 29. Rxe6 Qxe6 30. Re1 Qf7 31. Bf4 Nd5 32. Bd6 Re8 33. Qa1 Re6 34.
Rxe6 Qxe6 35. a6 Qc8 36. axb7 Qxb7 37. Qa5 h6 38. Qd8+ Kh7 39. Qe8 a6 40. h4 h5
41. g3 Kg7 42. Bf8+ Kh7 43. Kh2 Qc7 44. f4 f5 45. Bd6 Nf6 46. Qa8 Ng4+ 47. Kh3
Qg7 48. Qxc6 Qb2 49. Qd7+ Kh8 50. Qe8+ Kh7 51. Qf7+ Kh8 52. Be5+ Nxe5 53. Qf6+
Kh7 54. Qxe5 Qxb4 55. c6 Qb1 56. Qd5 Qf1+ 57. Qg2 Qc4 58. Kh2 a5 1/2-1/2

[Event "Wch Seniors 23rd 2013"]
[Site "Opatija"]
[Date "2013.11.22"]
[Round "10.47"]
[White "Giesen, Dieter"]
[Black "Batakovs, Olegs"]
[Result "1/2-1/2"]
[WhiteElo "2235"]
[BlackElo "2075"]
[PlyCount "77"]
[EventDate "2013.11.12"]

1. e4 c5 2. c3 e6 3. d4 cxd4 4. cxd4 d5 5. exd5 Qxd5 6. Nc3 Bb4 7. Nf3 Nf6 8.
Qa4+ Nc6 9. Bb5 Bd7 10. O-O Bxc3 11. bxc3 O-O 12. c4 Qh5 13. Qd1 Rfd8 14. Bb2
a6 15. Ba4 b5 16. cxb5 axb5 17. Bb3 Nd5 18. Re1 f6 19. Qe2 Na5 20. h3 Rdc8 21.
Qe4 Nxb3 22. axb3 Qg6 23. Rxa8 Rxa8 24. Qxg6 hxg6 25. Ra1 Rxa1+ 26. Bxa1 b4 27.
Nd2 Nc3 28. Kf1 Bb5+ 29. Ke1 Nd5 30. g3 Bd3 31. Nc4 Kf7 32. Kd2 Bf1 33. h4 Ke7
34. Ne3 Nxe3 35. Kxe3 Bh3 36. Bb2 Kd6 37. Bc1 Kc6 38. Bd2 Kb5 39. Be1 1/2-1/2

[Event "Wch Seniors 23rd 2013"]
[Site "Opatija"]
[Date "2013.11.22"]
[Round "10.48"]
[White "Yakimenko, Alexander A"]
[Black "Baeta, Marcio Netto"]
[Result "0-1"]
[WhiteElo "2212"]
[BlackElo "2068"]
[PlyCount "108"]
[EventDate "2013.11.12"]

1. d4 Nf6 2. c4 c5 3. d5 b5 4. Nc3 b4 5. Nb1 e6 6. g3 Bb7 7. Bg2 d6 8. Nh3 Be7
9. O-O e5 10. a3 Nbd7 11. Nd2 a5 12. e4 O-O 13. f4 exf4 14. gxf4 Ne8 15. Nf3
Bf6 16. Re1 Qb8 17. Rb1 Ba6 18. b3 a4 19. Bf1 axb3 20. Rxb3 Qc7 21. Qc2 g6 22.
Bd2 Ng7 23. Nf2 bxa3 24. Rxa3 h5 25. Ba5 Qb8 26. Rb3 Qa7 27. e5 Be7 28. Bc3 Nf5
29. Ra3 Qc7 30. Bd3 Nd4 31. Nxd4 cxd4 32. Bxd4 dxe5 33. Raa1 Bf6 34. Bb2 exf4
35. Bxf6 Nxf6 36. Qc3 Nxd5 37. Qd4 Ne3 38. Be4 Rad8 39. Bd5 Bxc4 40. Ne4 Kh7
41. Ra7 Qb8 42. Rb7 Qxb7 43. Nf6+ Kh6 44. Ng8+ Rxg8 45. Qxf4+ g5 46. Qf6+ Rg6
47. Qxd8 Qb2 48. Be4 Ng4 49. Qf8+ Qg7 50. Qc5 Ne5 51. Bxg6 Nf3+ 52. Kf2 Nxe1
53. Qxc4 Qxg6 54. Kxe1 Qe6+ 0-1

[Event "Wch Seniors 23rd 2013"]
[Site "Opatija"]
[Date "2013.11.22"]
[Round "10.49"]
[White "Kurka, Dieter"]
[Black "Markovic, Lazar"]
[Result "1/2-1/2"]
[WhiteElo "2091"]
[BlackElo "2172"]
[PlyCount "22"]
[EventDate "2013.11.12"]

1. d4 c5 2. d5 e5 3. e4 d6 4. Nc3 g6 5. g3 Bg7 6. Bg2 Ne7 7. Nge2 O-O 8. O-O
Nd7 9. Be3 Nf6 10. Qd2 Re8 11. a4 a6 1/2-1/2

[Event "Wch Seniors 23rd 2013"]
[Site "Opatija"]
[Date "2013.11.22"]
[Round "10.50"]
[White "Archangelsky, Mikhail"]
[Black "Chubar, Vladimir"]
[Result "0-1"]
[WhiteElo "2162"]
[BlackElo "2071"]
[PlyCount "119"]
[EventDate "2013.11.12"]

1. e4 e6 2. d4 d5 3. exd5 Qxd5 4. Nf3 Nf6 5. Nc3 Bb4 6. Bd2 Qd8 7. Bd3 b6 8.
Ne4 Bxd2+ 9. Nexd2 Bb7 10. c3 Nbd7 11. Qc2 c5 12. O-O O-O 13. Rad1 Qc7 14. Rfe1
g6 15. dxc5 Nxc5 16. Bf1 Rfd8 17. b4 Ncd7 18. c4 a5 19. a3 axb4 20. axb4 Ra3
21. Ra1 Rxa1 22. Rxa1 e5 23. Bd3 Re8 24. Ne4 Nh5 25. Ra7 Ra8 26. Rxa8+ Bxa8 27.
Qa2 Bb7 28. g3 h6 29. Nfd2 Kg7 30. Nc3 f5 31. Nd5 Qd6 32. Qb3 Nhf6 33. Nxf6
Nxf6 34. f3 Qd4+ 35. Kf1 Qe3 36. Qc2 Bxf3 37. Nxf3 Qxf3+ 38. Kg1 Ng4 39. Qe2
Qa8 40. h3 Qa1+ 41. Kg2 Nf6 42. Qf2 Qa8+ 43. Kh2 e4 44. Bf1 Qc6 45. Qd4 g5 46.
Qe5 Kg6 47. c5 bxc5 48. bxc5 Qd5 49. Qe7 Qd2+ 50. Bg2 f4 51. gxf4 gxf4 52. Qd6
Qf2 53. c6 f3 54. Qg3+ Qxg3+ 55. Kxg3 fxg2 56. Kxg2 Nd5 57. Kg3 Kf5 58. Kf2 Kf4
59. h4 h5 60. Ke2 0-1

[Event "Wch Seniors 23rd 2013"]
[Site "Opatija"]
[Date "2013.11.22"]
[Round "10.51"]
[White "Koryabkin, Valery"]
[Black "Samartsev, Alexander"]
[Result "1/2-1/2"]
[WhiteElo "2057"]
[BlackElo "2160"]
[PlyCount "53"]
[EventDate "2013.11.12"]

1. d4 d5 2. c4 e5 3. dxe5 d4 4. Nf3 Nc6 5. a3 Bg4 6. Nbd2 Nge7 7. h3 Bxf3 8.
Nxf3 Ng6 9. Qa4 Qd7 10. g3 Ngxe5 11. Nxe5 Nxe5 12. Qxd7+ Kxd7 13. b3 c5 14. Bg2
Nc6 15. e3 Bd6 16. O-O dxe3 17. Bxe3 Kc7 18. Rfd1 Be5 19. Ra2 b6 20. b4 cxb4
21. axb4 Nxb4 22. Ra4 Nc6 23. c5 b5 24. Ra6 Nb4 25. Ra5 Nc6 26. Ra6 Nb4 27. Ra5
1/2-1/2

[Event "Wch Seniors 23rd 2013"]
[Site "Opatija"]
[Date "2013.11.22"]
[Round "10.52"]
[White "Spika, Ivica"]
[Black "Mclaren, Brian"]
[Result "0-1"]
[WhiteElo "2018"]
[BlackElo "2158"]
[PlyCount "72"]
[EventDate "2013.11.12"]

1. d4 f5 2. c4 Nf6 3. Nc3 e6 4. e3 b6 5. Nf3 Bb7 6. Be2 Be7 7. O-O O-O 8. b3 h6
9. Bb2 d6 10. Qc2 Ne4 11. Nd2 Nxd2 12. Qxd2 Nd7 13. Rad1 Qe8 14. f4 a6 15. Bf3
Bxf3 16. Rxf3 Qg6 17. Kh1 Rae8 18. Rg1 Nf6 19. Rff1 Bd8 20. Nd1 Ne4 21. Qe1 Qh5
22. g3 Bf6 23. Nc3 Nxc3 24. Bxc3 e5 25. fxe5 dxe5 26. d5 Bg5 27. Rg2 f4 28.
gxf4 exf4 29. e4 f3 30. Rg3 f2 31. Qb1 Bf6 32. Qd3 Qh4 33. Rxf2 Bxc3 34. Rxf8+
Rxf8 35. Qxc3 Qxe4+ 36. Kg1 Qb1+ 0-1